Medzinárodné právo verejné (všeobecná a osobitná časť)
Gespeichert in:
| 1. Verfasser: | |
|---|---|
| Format: | Buch |
| Sprache: | Slowakisch |
| Veröffentlicht: |
Bratislava
Iura Edition
2011
|
| Ausgabe: | 2. dopln. a preprac. vyd. |
| Schlagworte: | |
| Tags: |
Keine Tags, Fügen Sie das erste Tag hinzu!
|
MARC
| LEADER | 00000nam a2200000 4500 | ||
|---|---|---|---|
| 001 | 0136629 | ||
| 005 | 20240226103218.0 | ||
| 020 | |a 978-80-8078-414-0 | ||
| 041 | 0 | |a slo | |
| 044 | |a SK | ||
| 245 | 1 | 0 | |a Medzinárodné právo verejné |b (všeobecná a osobitná časť) |c Ján Klučka |
| 250 | |a 2. dopln. a preprac. vyd. | ||
| 264 | 1 | |a Bratislava |b Iura Edition |c 2011 | |
| 300 | |a 725 s. | ||
| 610 | 2 | 0 | |a právo medzinárodné |
| 610 | 2 | 0 | |a vývoj |
| 610 | 2 | 0 | |a subjekty práva medzinárodného |
| 610 | 2 | 0 | |a štát |
| 610 | 2 | 0 | |a hnutie národnooslobodzovacie |
| 610 | 2 | 0 | |a zmluvy medzinárodné |
| 610 | 2 | 0 | |a kodifikácia práva |
| 610 | 2 | 0 | |a konflikty medzinárodné |
| 610 | 2 | 0 | |a sankcie |
| 610 | 2 | 0 | |a občianstvo štátne |
| 610 | 2 | 0 | |a cudzinci |
| 610 | 2 | 0 | |a orgány štátne |
| 610 | 2 | 0 | |a diplomacia |
| 610 | 2 | 0 | |a právo zmluvné |
| 610 | 2 | 0 | |a právo humanitárne medzinárodné |
| 100 | 1 | |a Klučka, Ján | |